| 000 | 00664nam a22001817a 4500 | ||
|---|---|---|---|
| 008 | 170713b xxu||||| |||| 00| 0 eng d | ||
| 020 | _a0-618-15575-9 | ||
| 082 |
_22006 _aDC 808.831 _bAr7 |
||
| 100 |
_921230 _aMartin, Wendy. _eeditor. |
||
| 245 |
_aThe art of the short story: _bstories and authors in historical context/ _cWendy Martin; with Danielle Hinrichs and Sharon Becker. |
||
| 260 |
_aNew York: _bHoughton Mifflin Company, _cc2006. |
||
| 300 |
_axxviii, 1651 pages; _c24 cm. |
||
| 500 | _aIncludes index. | ||
| 650 | 0 |
_921231 _aShort story. |
|
| 700 |
_921232 _aHinrichs, Danielle. _eeditor. |
||
| 700 |
_921233 _aBecker, Sharon _eeditor. |
||
| 942 |
_2ddc _cDC |
||
| 999 |
_c7020 _d7020 |
||